Normal view
MARC view
Entry Personal Name
001 - CONTROL NUMBER
- control field: 13635
003 - CONTROL NUMBER IDENTIFIER
- control field: BD-RjUL
005 - DATE AND TIME OF LATEST TRANSACTION
- control field: 20240930112428.0
008 - FIXED-LENGTH DATA ELEMENTS
- fixed length control field: 240930|| aca||aabn | a|a d
040 ## - CATALOGING SOURCE
- Original cataloging agency: BD-RjUL
- Transcribing agency: BD-RjUL
100 ## - HEADING--PERSONAL NAME
- Personal name: Khan, Muhammad Abdul aziz super ; visor
670 ## - SOURCE DATA FOUND
- Source citation: Work cat.: (BD-RjUL)84052: Alam, Tasnim 13633, افكار الاصلاحات في مؤلفات توفيق الاحكيم = Thoughts about reforms as reflected in the writings of Tawfique al Hkim /, 2010